Alle Spieler von Rapid Wien seit 00/01 - Statistiken

Allgemein
  • Dieses Quiz wurde 59 mal gespielt
  • Das Durchschnittsergebnis liegt bei 112 aus 271
Antwortstatistiken
SK Rapid Wien % Korrekt
Niklas Hedl
93%
Raimund Hedl
93%
Tobias Hedl
93%
Bendeguz Bolla
87%
Furkan Demir
87%
Guido Burgstaller
87%
Helge Payer
87%
Jonas Auer
87%
Ladislav Maier
87%
Matthias Seidl
87%
Paul Gartler
87%
Rene Gartler
87%
Romeo Amane
87%
Serge-Philippe Raux-Yao
87%
Stephan Auer
87%
Thomas Burgstaller
87%
Yusuf Demir
87%
Andreas Ivanschitz
80%
Andrei Ivan
80%
Erwin Hoffer
80%
Joelinton
80%
Mamadou Sangare
80%
Marcel Sabitzer
80%
Maximilian Hofmann
80%
Nenad Cvetkovic
80%
Steffen Hofmann
80%
Taxiarchis Fountas
80%
Christopher Dibon
73%
Ercan Kara
73%
Ivan Mocinic
73%
Jakob Schöller
73%
Janis Antiste
73%
Jan Novota
73%
Leopold Querfeld
73%
Louis Schaub
73%
Lukas Grgic
73%
Stefan Maierhofer
73%
Stefan Schwab
73%
Amin-Elias Gröller
67%
Andreas Herzog
67%
Ange Ahoussou
67%
Arnor Ingvi Traustason
67%
Dejan Ljubicic
67%
Florian Kainz
67%
Giorgi Kvilitaia
67%
Jannes Horn
67%
Koya Kitagawa
67%
Mario Sonnleitner
67%
Nicolas Kühn
67%
Philipp Malicsek
67%
Philipp Schobesberger
67%
Richard Strebinger
67%
Robert Ljubicic
67%
Thanos Petsos
67%
Thomas Murg
67%
Tobias Knoflach
67%
Andreas Dober
60%
Christoph Knasmüllner
60%
Dominik Wydra
60%
Ferdinand Feldhofer
60%
Hannes Eder
60%
Markus Katzer
60%
Matej Jelic
60%
Maximilian Entrup
60%
Nikolaus Wurmbrand
60%
Philipp Prosenik
60%
Robert Beric
60%
Stefan Nutz
60%
Stefan Stangl
60%
Terrence Boyd
60%
Thomas Schrammel
60%
Tomi Correa
60%
Veli Kavlak
60%
Veton Berisha
60%
Aliou Badji
53%
Atdhe Nuhiu
53%
Christian Thonhofer
53%
Christoph Schösswendter
53%
Dalibor Velimirovic
53%
Deni Alar
53%
György Garics
53%
Hamdi Salihi
53%
Isak Jansson
53%
Lukas Grozurek
53%
Lukas Königshofer
53%
Marco Grüll
53%
Marco Tilio
53%
Markus Hiden
53%
Martin Hiden
53%
Nikica Jelavic
53%
Philipp Huspek
53%
Ragnvald Soma
53%
Roman Kienast
53%
Stefan Kulovits
53%
Tamas Szanto
53%
Tanju Kayhan
53%
Thomas Prager
53%
Ümit Korkmaz
53%
Yasin Pehlivan
53%
Aleksa Pejic
47%
Bernhard Zimmermann
47%
Boli Bolingoli
47%
Branko Boskovic
47%
Claudy Mbuyi
47%
Dennis Kaygin
47%
Dion Beljo
47%
Emanuel Aiwu
47%
Ferdy Druijf
47%
Leo Greiml
47%
Manuel Thurnwald
47%
Marek Kincl
47%
Mario Bazina
47%
Markus Heikkinen
47%
Martin Moormann
47%
Marvin Potzmann
47%
Mateo Barac
47%
Maximilian Ullmann
47%
Maximilian Wöber
47%
Mert Müldür
47%
Noah Bischof
47%
Patrick Greil
47%
Peter Schöttel
47%
Petter Nosa Dahl
47%
Srdjan Grahovac
47%
Thierry Gale
47%
Thorsten Schick
47%
Andreas Lukse
40%
Andrija Pavlovic
40%
Christopher Drazan
40%
Christopher Trimmel
40%
Christoph Lang
40%
Denso Kasius
40%
Fabiano
40%
Ferdinand Weinwurm
40%
Filip Stojkovic
40%
Furkan Dursun
40%
Georg Koch
40%
Jan Vennegoor of Hesselink
40%
Jürgen Patocka
40%
Kelvin Arase
40%
Mario Konrad
40%
Mario Pavelic
40%
Mario Tokic
40%
Mate Bilic
40%
Michael Schimpelsberger
40%
Milan Jovanovic
40%
Moritz Oswald
40%
Nicolas Bajlicz
40%
Nikolas Sattlberger
40%
Oliver Strunz
40%
Rene Wagner
40%
Terence Kongolo
40%
Tobias Gulliksen
40%
Alex Sobczyk
33%
Andreas Kuen
33%
Andrija Radulovic
33%
Ante Bajic
33%
Benjamin Böckle
33%
Brian Behrendt
33%
Eren Keles
33%
Fally Mayulu
33%
Gerson
33%
Jovan Zivkovic
33%
Jürgen Macho
33%
Kevin Wimmer
33%
Kristijan Dobras
33%
Manuel Martic
33%
Marko Dijakovic
33%
Martin Koscelnik
33%
Melih Ibrahimoglu
33%
Muhammed Ildiz
33%
Muhammet Akagündüz
33%
Neraysho Kasanwirjo
33%
Roman Kerschbaum
33%
Roman Wallner
33%
Thomas Hinum
33%
Adrian Hajdari
27%
Aristot Tambwe-Kasengele
27%
Attila Szalai
27%
Bernhard Unger
27%
Boris Prokopic
27%
Dejan Petrovic
27%
Denis Bosnjak
27%
Dominic Vincze
27%
Dominik Starkl
27%
Harald Pichler
27%
Ismail Seydi
27%
Jozef Valachovic
27%
Lion Schuster
27%
Lucas Galvao
27%
Marcin Adamski
27%
Matthias Dollinger
27%
Michael Sollbauer
27%
Nicholas Wunsch
27%
Nicolas Binder
27%
Oliver Freund
27%
Pascal Fallmann
27%
Samuel Sahin-Radlinger
27%
Thierno Ballo
27%
Tobias Borkeeiet
27%
Andreas Lagonikakis
20%
Ante Jazic
20%
Axel Lawaree
20%
Christoph Saurer
20%
Dominik Weixelbraun
20%
Eldis Bajrami
20%
Georg Harding
20%
Jean Marcelin
20%
Jens Dowe
20%
Jovica Vico
20%
Krzysztof Ratajczyk
20%
Marcel Ketelaer
20%
Mario Prisc
20%
Martin Ndzie
20%
Osarenren Okungbowa
20%
Rene Kriwak
20%
Stephan Palla
20%
Aleksandar Kostic
13%
Armin Mujakic
13%
Bajo Savic
13%
Benjamin Kanuric
13%
Darko Maletic
13%
Dejan Savicevic
13%
Dragoljub Savic
13%
Gaston Taument
13%
Gerhard Poschner
13%
Günter Schießwald
13%
Jeremy Guillemenot
13%
Jürgen Kauz
13%
Lukas Denner
13%
Lukas Sulzbacher
13%
Marcel Ritzmaier
13%
Mario Sara
13%
Marko Maric
13%
Mehdi Pashazadeh
13%
Michael Hatz
13%
Oliver Lederer
13%
Paul Gobara
13%
Peter Hlinka
13%
Radek Bejbl
13%
Arnold Wetl
7%
Daniel Schreiner
7%
Dino Kovacec
7%
Florian Schwarz
7%
Florian Sturm
7%
Gernot Plassnegger
7%
György Korsos
7%
Ivan Knez
7%
Jacob Laursen
7%
Jürgen Saler
7%
Michael Harrauer
7%
Otto Szabo
7%
Petr Vorisek
7%
Salmin Cehajic
7%
Sebastian Martinez
7%
Thomas Dosek
7%
Thomas Sobotzik
7%
Thomas Zingler
7%
Ümit Erbay
7%
Ali Adel Jadoua
0%
Cemil Tosun
0%
Eaden Roka
0%
Eldar Topic
0%
Friedrich Breitenfelder
0%
Helmut Prenner
0%
Jiri Lenko
0%
Patrick Obermüller
0%
Saoud Fath
0%
Vasil Kuleski
0%
Vladimir Labant
0%
Zeljko Radovic
0%
Keine übereinstimmenden Quizze gefunden
Verteilung der Resultate
Anzahl Personen mit jedem Resultat
Perzentil nach korrekt beantworteten Fragen
Ihre Resultats-Entwicklung
Sie haben dieses Quiz noch nicht gespielt